LIBRARY ONLINE CATALOGUE

African Institute for leaders and leadership year book volume one (Record no. 16320)

MARC details
000 -LEADER
fixed length control field 00642nam a22001697a 4500
008 - FIXED-LENGTH DATA ELEMENTS--GENERAL INFORMATION
fixed length control field 170307b xxu||||| |||| 00| 0 eng d
020 ## - INTERNATIONAL STANDARD BOOK NUMBER
International Standard Book Number 9966769927
050 ## - LIBRARY OF CONGRESS CALL NUMBER
Classification number REF JQ1875
Item number .A37 2015 C.1
245 ## - TITLE STATEMENT
Title African Institute for leaders and leadership year book volume one
Remainder of title lessons from africa's past
Statement of responsibility, etc. edited by Korwa G. Adar, Plo Lumumba and Pamela N.Inoti
260 ## - PUBLICATION, DISTRIBUTION, ETC. (IMPRINT)
Place of publication, distribution, etc. Nairobi
Name of publisher, distributor, etc. Mwvule Africa
Date of publication, distribution, etc. 2015
300 ## - PHYSICAL DESCRIPTION
Extent xi, 236 p.
650 ## - SUBJECT ADDED ENTRY--TOPICAL TERM
Topical term or geographic name as entry element Political leadership
Geographic subdivision Africa
700 ## - ADDED ENTRY--PERSONAL NAME
Personal name Adar, Korwa G.
700 ## - ADDED ENTRY--PERSONAL NAME
Personal name Lumumba, Plo.
700 ## - ADDED ENTRY--PERSONAL NAME
Personal name Inoti,Pamela N.
942 ## - ADDED ENTRY ELEMENTS (KOHA)
Source of classification or shelving scheme Library of Congress Classification
Koha item type Reference
Classification part REF JQ1875 .A37 2015 C.1
Call number prefix REF
Holdings
Withdrawn status Lost status Source of classification or shelving scheme Not for loan Home library Current library Shelving location Date acquired Total Checkouts Full call number Barcode Date last seen Copy number Price effective from Koha item type
    Library of Congress Classification   Kabarak, Main Campus Kabarak, Main Campus Reference 07/03/2017   REF JQ1875 .A37 2015 C.1 019307 27/09/2024 C.1 07/03/2017 Reference